[Event "Titled Tue 3rd Jun Early"]
[Site "chess.com INT"]
[Date "2025.06.03"]
[Round "1"]
[White "Barseghyan, Armen Ar."]
[Black "Martinez Romero, Martin"]
[Result "0-1"]
[WhiteTitle "IM"]
[BlackTitle "IM"]
[WhiteElo "2348"]
[BlackElo "2384"]
[WhiteFideId "13306707"]
[BlackFideId "4404025"]
[EventDate "2025.06.03"]

1. Nf3 Nf6 2. c4 g6 3. d4 Bg7 4. Nc3 O-O 5. e4 d6 6. Be2 e5 7. O-O Nc6 8. dxe5
dxe5 9. Bg5 Qxd1 10. Rfxd1 h6 11. Be3 Bg4 12. h3 Bxf3 13. Bxf3 Rfd8 14. Nd5 Nxd5
15. cxd5 Nd4 16. Rac1 Rd7 17. Rd3 Rad8 18. Bxd4 exd4 19. Rb3 c6 20. dxc6 bxc6
21. Rd3 Rd6 22. Bd1 Re8 23. f3 h5 24. g3 h4 25. gxh4 Bh6 26. Rc5 Bf4 27. Bb3 Kg7
28. h5 Rh8 29. Rf5 gxf5 30. Kg2 Rxh5 31. exf5 0-1

[Event "Titled Tue 3rd Jun Early"]
[Site "chess.com INT"]
[Date "2025.06.03"]
[Round "1"]
[White "Arslanov, Shamil"]
[Black "Sarasketa Irastortza, Oier"]
[Result "1-0"]
[WhiteTitle "IM"]
[BlackTitle "CM"]
[WhiteElo "2410"]
[BlackElo "2190"]
[WhiteFideId "4192826"]
[BlackFideId "54728207"]
[EventDate "2025.06.03"]

1. d4 Nf6 2. f3 d5 3. e4 dxe4 4. Nc3 e3 5. Bxe3 Bf5 6. g4 Bg6 7. h4 h5 8. Nh3
hxg4 9. fxg4 Rxh4 10. Bg5 Rh8 11. Qf3 Nc6 12. O-O-O Qd7 13. d5 Ne5 14. Qg3 Nexg4
15. Bb5 c6 16. dxc6 bxc6 17. Rxd7 Kxd7 18. Rd1+ Kc8 19. Ba6# 1-0

[Event "Titled Tue 3rd Jun Early"]
[Site "chess.com INT"]
[Date "2025.06.03"]
[Round "1"]
[White "Smirnov, Alexandr A."]
[Black "Harshal, Shahi"]
[Result "0-1"]
[WhiteTitle "FM"]
[BlackTitle "FM"]
[WhiteElo "2136"]
[BlackElo "2143"]
[WhiteFideId "24104396"]
[BlackFideId "5048257"]
[EventDate "2025.06.03"]

1. e4 c5 2. Nf3 Nc6 3. Bb5 g6 4. O-O Bg7 5. Re1 e6 6. c3 Nge7 7. d4 cxd4 8. cxd4
d5 9. Nc3 a6 10. exd5 exd5 11. Bxc6+ bxc6 12. Qe2 Bg4 13. Bg5 Ra7 14. Bxe7 Rxe7
15. Qxa6 Bxf3 16. Qxc6+ Kf8 17. gxf3 Bxd4 18. Rxe7 Qxe7 19. Qxd5 Qh4 20. Ne4
Bxb2 21. Rb1 Bf6 22. Rb7 Be7 23. Qe5 Rg8 24. Rb8+ Bd8 25. Nf6 Kg7 26. Nh5+ Kh6
27. Ng3 Bf6 28. Qe3+ Bg5 29. Qe4 Qxe4 30. fxe4 Rxb8 0-1

[Event "Titled Tue 3rd Jun Early"]
[Site "chess.com INT"]
[Date "2025.06.03"]
[Round "1"]
[White "Zlatin, Alexander"]
[Black "Vasquez Schroeder, Rodrigo"]
[Result "0-1"]
[WhiteTitle "FM"]
[BlackTitle "GM"]
[WhiteElo "2306"]
[BlackElo "2446"]
[WhiteFideId "2810549"]
[BlackFideId "3400042"]
[EventDate "2025.06.03"]

1. e4 e6 2. Qe2 c5 3. f4 Nc6 4. Nf3 Nge7 5. c3 d5 6. d3 b6 7. g4 Ba6 8. e5 h5 9.
g5 g6 10. Bg2 Nf5 11. O-O Qd7 12. a4 Na5 13. Qc2 Be7 14. b3 c4 15. dxc4 dxc4 16.
b4 Nb3 17. Ra2 Bb7 18. Rd1 Qc7 19. Nd4 Nbxd4 20. cxd4 Bxg2 21. Qxg2 O-O 22. b5
Rad8 23. Qe4 Rxd4 24. Rxd4 Nxd4 25. Be3 Nf5 26. Bf2 Bc5 27. Nc3 Bxf2+ 28. Rxf2
Qc5 29. Kg2 Rd8 30. Qb7 Qe3 31. Re2 Qxc3 32. Qc7 Nh4+ 33. Kf2 Qf3+ 34. Ke1 Ng2+
35. Rxg2 Rd1# 0-1

[Event "Titled Tue 3rd Jun Early"]
[Site "chess.com INT"]
[Date "2025.06.03"]
[Round "1"]
[White "Dominguez, Ramiro"]
[Black "Rosen, Eric"]
[Result "0-1"]
[WhiteTitle "FM"]
[BlackTitle "IM"]
[WhiteElo "2185"]
[BlackElo "2377"]
[WhiteFideId "4420055"]
[BlackFideId "2032562"]
[EventDate "2025.06.03"]

1. e4 c5 2. Ne2 Nc6 3. g3 d5 4. Bg2 dxe4 5. Bxe4 Bd7 6. O-O Nf6 7. Bg2 g6 8. d4
cxd4 9. Nxd4 Bg7 10. h3 O-O 11. Be3 Qc8 12. Kh2 Rd8 13. Qe2 Nxd4 14. Bxd4 Bf5
15. c3 e5 16. g4 Bxb1 17. Raxb1 exd4 18. cxd4 Rxd4 19. Rbc1 Qd7 20. Rc2 Re8 21.
Qf3 b6 22. Kg1 Rd8 23. Rc6 Rd6 24. Rc2 h6 25. Re1 Rd1 26. Re2 Rxe1+ 27. Rxe1 Qd2
28. Re2 Qd1+ 29. Bf1 Qd5 30. Qa3 a5 31. Re3 Qd6 32. Rd3 Qxa3 33. Rxd8+ Qf8 34.
Rxf8+ Kxf8 35. f3 Ke7 36. Kf2 Nd5 37. Bc4 Kd6 38. h4 Bxb2 0-1

[Event "Titled Tue 3rd Jun Early"]
[Site "chess.com INT"]
[Date "2025.06.03"]
[Round "1"]
[White "Dwilewicz, Katarzyna"]
[Black "Nguyen, Ngoc Truong Son"]
[Result "1-0"]
[WhiteTitle "WFM"]
[BlackTitle "GM"]
[WhiteElo "2207"]
[BlackElo "2632"]
[WhiteFideId "1148486"]
[BlackFideId "12401110"]
[EventDate "2025.06.03"]

1. e4 e5 2. Bc4 Nc6 3. d3 Nf6 4. Nc3 Bb4 5. Ne2 d5 6. exd5 Nxd5 7. O-O Be6 8.
Bxd5 Bxd5 9. f4 O-O 10. f5 Re8 11. f6 g6 12. Ng3 Bxc3 13. bxc3 e4 14. c4 Be6 15.
Bb2 exd3 16. cxd3 Kh8 17. Qd2 Qd6 18. Rad1 Ne5 19. Ne4 Qxd3 20. Qh6 Rg8 21. Rxd3
Nxd3 22. Ng5 1-0

[Event "Titled Tue 3rd Jun Early"]
[Site "chess.com INT"]
[Date "2025.06.03"]
[Round "1"]
[White "Rojas Alarcon, Julian Antonio"]
[Black "Lissillour, Baptiste"]
[Result "1-0"]
[WhiteTitle "FM"]
[BlackTitle "FM"]
[WhiteElo "2365"]
[BlackElo "2318"]
[WhiteFideId "5107407"]
[BlackFideId "45179620"]
[EventDate "2025.06.03"]

1. d4 Nf6 2. c4 e6 3. Nc3 Bb4 4. e3 b6 5. a3 Bxc3+ 6. bxc3 c5 7. Ne2 O-O 8. Ng3
Bb7 9. f3 d5 10. Bd3 Ba6 11. cxd5 Bxd3 12. Qxd3 exd5 13. O-O Nc6 14. Ra2 Re8 15.
Re2 Rc8 16. Bd2 Qd7 17. Kh1 Na5 18. e4 dxe4 19. fxe4 cxd4 20. cxd4 Nc6 21. Rxf6
gxf6 22. Nf5 Kh8 23. Bc3 Ne5 24. Qg3 Ng6 25. d5 Qxf5 26. exf5 Rxe2 27. Bxf6+ Kg8
28. h4 Kf8 29. h5 1-0

[Event "Titled Tue 3rd Jun Early"]
[Site "chess.com INT"]
[Date "2025.06.03"]
[Round "1"]
[White "Thorhallsson, Simon"]
[Black "Madi, Aidana"]
[Result "1-0"]
[WhiteTitle "FM"]
[BlackTitle "WFM"]
[WhiteElo "2218"]
[BlackElo "1855"]
[WhiteFideId "2310090"]
[BlackFideId "13722689"]
[EventDate "2025.06.03"]

1. g3 d5 2. Bg2 c5 3. c4 e6 4. Nf3 Nc6 5. cxd5 exd5 6. d4 Nf6 7. O-O Be7 8. dxc5
Bxc5 9. Qc2 Bb6 10. Nc3 O-O 11. Na4 Be6 12. Nc5 Bxc5 13. Qxc5 Rc8 14. Bg5 h6 15.
Bf4 Ne4 16. Qb5 Qe7 17. Rfd1 Rfd8 18. Rac1 a6 19. Qb6 Nd6 20. b3 Ne4 21. Nd4 Nb4
22. Rxc8 Bxc8 23. Rc1 Be6 24. Rc7 Rd7 25. Rxd7 Qxd7 26. Qxb4 Nf6 27. Qd6 Qc8 28.
Qc7 Qe8 29. Qxb7 1-0

[Event "Titled Tue 3rd Jun Early"]
[Site "chess.com INT"]
[Date "2025.06.03"]
[Round "1"]
[White "Komov, Roman"]
[Black "Carcamo, Matias"]
[Result "0-1"]
[WhiteTitle "FM"]
[WhiteElo "2239"]
[BlackElo "2077"]
[WhiteFideId "24175714"]
[BlackFideId "115541"]
[EventDate "2025.06.03"]

1. e4 c6 2. d4 d5 3. Nc3 dxe4 4. Nxe4 Nf6 5. Nxf6+ exf6 6. c3 Bd6 7. Bd3 O-O 8.
Qc2 Re8+ 9. Ne2 g6 10. h4 b5 11. h5 f5 12. hxg6 hxg6 13. Be3 Qa5 14. g4 f4 15.
Bxg6 Qc7 16. Bh7+ Kg7 17. O-O-O fxe3 18. fxe3 Rxe3 19. Rdf1 Qe7 20. Bd3 Be6 21.
Bxb5 Qg5 22. Qh7+ Kf8 23. Rh5 Qxg4 24. Qh6+ Ke7 25. Qxe3 cxb5 26. Rxb5 Nd7 27.
d5 Qh3 28. Rf3 Qh1+ 29. Kc2 Ne5 30. Rb7+ Kf8 0-1

[Event "Titled Tue 3rd Jun Early"]
[Site "chess.com INT"]
[Date "2025.06.03"]
[Round "1"]
[White "Terkiewicz, Bruno"]
[Black "Kovalev, Vladislav"]
[Result "0-1"]
[WhiteTitle "CM"]
[BlackTitle "GM"]
[WhiteElo "2183"]
[BlackElo "2557"]
[WhiteFideId "21093245"]
[BlackFideId "13504398"]
[EventDate "2025.06.03"]

1. e4 e5 2. Nf3 Nc6 3. Bb5 a6 4. Ba4 Nf6 5. O-O Be7 6. Re1 b5 7. Bb3 d6 8. c3
O-O 9. h3 Be6 10. d4 Bxb3 11. axb3 exd4 12. cxd4 Nb4 13. Bd2 d5 14. e5 Ne4 15.
Be3 c5 16. Nc3 c4 17. bxc4 bxc4 18. Re2 Nd3 19. Ne1 Nxb2 20. Rxb2 Nxc3 21. Qc2
Nb5 22. Rba2 Qb6 23. Nf3 a5 24. h4 h6 25. g4 Bb4 26. Bd2 Rab8 27. Bxb4 axb4 28.
Ra6 Nxd4 29. Qd1 Nxf3+ 30. Qxf3 Qd4 31. g5 hxg5 32. hxg5 Qxe5 33. Rd1 Qxg5+ 34.
Kf1 b3 0-1

[Event "Titled Tue 3rd Jun Early"]
[Site "chess.com INT"]
[Date "2025.06.03"]
[Round "1"]
[White "Van Dael, Siem"]
[Black "Fragkos, Vasileios"]
[Result "0-1"]
[WhiteTitle "FM"]
[BlackTitle "CM"]
[WhiteElo "2258"]
[BlackElo "2176"]
[WhiteFideId "1049771"]
[BlackFideId "25832646"]
[EventDate "2025.06.03"]

1. Nc3 e5 2. Nf3 Nc6 3. d4 exd4 4. Nxd4 Nce7 5. Bf4 d6 6. e4 Ng6 7. Bg3 Nf6 8.
Bc4 Be7 9. h4 h5 10. Be2 a6 11. Qd3 Ne5 12. Bxe5 dxe5 13. Nf3 Bd6 14. O-O-O Bg4
15. Ng1 Bxe2 16. Ngxe2 O-O 17. Ng3 g6 18. f3 b5 19. Nge2 Bc5 20. Nd5 c6 21. Ne3
Qb6 22. Nf1 Rad8 23. Qc3 Rxd1+ 24. Kxd1 Bd4 25. Qb3 c5 26. Nxd4 exd4 27. Qd3 c4
28. Qd2 Rd8 29. b3 d3 30. c3 Qe6 31. b4 a5 32. a3 axb4 33. axb4 Ra8 34. Qb2 Nd5
35. g3 Qf6 36. Kd2 Nxc3 0-1

[Event "Titled Tue 3rd Jun Early"]
[Site "chess.com INT"]
[Date "2025.06.03"]
[Round "1"]
[White "Dubnevych, Maksym"]
[Black "Diaz Vasquez, Martin"]
[Result "1-0"]
[WhiteTitle "FM"]
[BlackTitle "CM"]
[WhiteElo "2292"]
[BlackElo "2266"]
[WhiteFideId "14184001"]
[BlackFideId "3410579"]
[EventDate "2025.06.03"]

1. Nc3 d5 2. e4 dxe4 3. Nxe4 e6 4. d4 Be7 5. Nf3 Nf6 6. Nxf6+ Bxf6 7. Bd3 c5 8.
Be3 Nc6 9. c3 cxd4 10. Nxd4 Nxd4 11. cxd4 Qa5+ 12. Qd2 Qxd2+ 13. Kxd2 Bd7 14.
Be4 Bc6 15. Bxc6+ bxc6 16. Rac1 Kd7 17. Rc4 Rab8 18. b3 Rb5 19. Ra4 a5 20. Rc1
Rhb8 21. Kd3 Rd5 22. Rac4 Rb6 23. Ke2 h5 24. h3 Ra6 25. Ra4 Rb6 26. Rcc4 Rbb5
27. Rc2 Rb6 28. g4 Rbb5 29. Rac4 Rb6 30. Kf3 hxg4+ 31. hxg4 Ra6 32. Ke4 Rb6 33.
f4 g5 34. Rf2 Ke7 35. f5 Kd7 36. Rc5 Rb5 37. fxe6+ Kxe6 38. Rxc6+ Rd6 39. Rxd6+
Kxd6 40. Rxf6+ 1-0

[Event "Titled Tue 3rd Jun Early"]
[Site "chess.com INT"]
[Date "2025.06.03"]
[Round "1"]
[White "Kleiman, Jake"]
[Black "Filindash, Nikita"]
[Result "1-0"]
[WhiteTitle "IM"]
[BlackTitle "CM"]
[WhiteElo "2399"]
[BlackElo "2198"]
[WhiteFideId "2020041"]
[BlackFideId "34159983"]
[EventDate "2025.06.03"]

1. e4 e5 2. Nf3 Nf6 3. Nxe5 d6 4. Nf3 Nxe4 5. d4 d5 6. Bd3 Bd6 7. O-O O-O 8. c4
c6 9. cxd5 cxd5 10. Nc3 Nxc3 11. bxc3 Bg4 12. Rb1 b6 13. Rb5 a6 14. Rxd5 Bxh2+
15. Nxh2 Qxd5 16. Qxg4 f5 17. Qf3 Qxf3 18. Nxf3 Nd7 19. a4 Rac8 20. Bd2 a5 21.
Re1 Rc7 22. Re7 Rf7 23. Rxf7 Kxf7 24. Bxf5 Nf6 25. Ne5+ Kf8 26. c4 g6 27. Bd3
Nd7 28. Nxd7+ Rxd7 29. Be3 Ke7 30. d5 Rb7 31. c5 bxc5 32. Bxc5+ Kf6 33. Bb5 Ke5
34. d6 Ke6 35. d7 Rb8 36. Bb6 g5 37. d8=Q Rxd8 38. Bxd8 h5 39. Bxa5 1-0

[Event "Titled Tue 3rd Jun Early"]
[Site "chess.com INT"]
[Date "2025.06.03"]
[Round "1"]
[White "Yezhel, Valiantsin"]
[Black "Skiadopoulos, Nikolaos"]
[Result "1-0"]
[WhiteTitle "FM"]
[BlackTitle "CM"]
[WhiteElo "2232"]
[BlackElo "1882"]
[WhiteFideId "13504983"]
[BlackFideId "4200772"]
[EventDate "2025.06.03"]

1. d4 Nf6 2. Nf3 g6 3. Bf4 Bg7 4. c3 O-O 5. Nbd2 d5 6. h3 c5 7. e3 Nc6 8. dxc5
a5 9. a4 Re8 10. Nb3 e5 11. Bg5 Be6 12. Bb5 h6 13. Bh4 g5 14. Bg3 Ne4 15. Bh2
Bf5 16. O-O Qd7 17. Qe2 f6 18. Rfd1 Bf8 19. c4 d4 20. exd4 exd4 21. Nfxd4 Nxc5
22. Qf3 Be4 23. Qxf6 Bg7 24. Nxc5 Qxd4 25. Rxd4 Bxf6 26. Rxe4 Rxe4 27. Nxe4 Bxb2
28. Rd1 Nd4 29. Be5 Ne2+ 30. Kf1 Bxe5 31. Kxe2 Rf8 32. f3 Bf4 33. Rd7 b6 34. Rb7 1-0

[Event "Titled Tue 3rd Jun Early"]
[Site "chess.com INT"]
[Date "2025.06.03"]
[Round "1"]
[White "Nugumanov, Bakhtiyar"]
[Black "Materia, Marco"]
[Result "0-1"]
[WhiteTitle "IM"]
[BlackTitle "IM"]
[WhiteElo "2305"]
[BlackElo "2489"]
[WhiteFideId "13701797"]
[BlackFideId "45150451"]
[EventDate "2025.06.03"]

1. e4 c6 2. Nf3 d5 3. Nc3 dxe4 4. Nxe4 Nf6 5. Nxf6+ exf6 6. d4 Bd6 7. Bd3 O-O 8.
c3 Re8+ 9. Be3 Bg4 10. Qc2 g6 11. Nd2 Bf4 12. O-O Bxe3 13. fxe3 Rxe3 14. Rae1
Rxe1 15. Rxe1 Nd7 16. Ne4 Be6 17. Nd6 Qc7 18. Ne4 Kg7 19. Qf2 Re8 20. Ng3 f5 21.
Qd2 Nf6 22. Bxf5 Bxa2 23. Rf1 Bc4 24. Rf3 Nd5 25. Bc2 Qe7 26. b3 Qe1+ 27. Qxe1
Rxe1+ 28. Kf2 Rc1 29. bxc4 Rxc2+ 30. Ne2 Nb6 31. c5 Nc4 32. Ke1 a5 33. Rf2 a4
34. Nf4 Rxf2 35. Kxf2 a3 0-1

[Event "Titled Tue 3rd Jun Early"]
[Site "chess.com INT"]
[Date "2025.06.03"]
[Round "1"]
[White "Garcia Gracia, Victor Hugo"]
[Black "Ahmad, Khagan"]
[Result "0-1"]
[WhiteTitle "CM"]
[BlackTitle "IM"]
[WhiteElo "2206"]
[BlackElo "2405"]
[WhiteFideId "22295755"]
[BlackFideId "13431552"]
[EventDate "2025.06.03"]

1. e4 c5 2. Nf3 d6 3. d4 cxd4 4. Qxd4 Nf6 5. Be2 Nc6 6. Qe3 g6 7. O-O Bg7 8. c4
O-O 9. Nc3 Bg4 10. Rb1 Rc8 11. b3 Nd7 12. Rd1 Qa5 13. Bb2 Qb6 14. Qd2 Bxf3 15.
Bxf3 Nde5 16. Be2 e6 17. h3 Rfd8 18. Na4 Qc7 19. f4 Nd7 20. Bxg7 Kxg7 21. Qxd6
Qa5 22. Qd2 Qxd2 23. Rxd2 Nb6 24. Rxd8 Rxd8 25. Nxb6 Rd2 26. Bf3 axb6 27. a4 e5
28. Rd1 Rxd1+ 29. Bxd1 exf4 30. Kf2 Kf6 31. Ke2 Ke5 32. Kd3 Nb4+ 33. Kc3 Na6 34.
b4 Nc7 35. Bf3 Ne6 36. a5 bxa5 37. bxa5 Nc5 38. Kb4 Kd4 39. Kb5 f6 40. Kb6 Kxc4 0-1

[Event "Titled Tue 3rd Jun Early"]
[Site "chess.com INT"]
[Date "2025.06.03"]
[Round "1"]
[White "Kvaloy, Aksel Bu"]
[Black "Goldin, Roman"]
[Result "1-0"]
[WhiteTitle "IM"]
[BlackTitle "FM"]
[WhiteElo "2479"]
[BlackElo "2296"]
[WhiteFideId "1528815"]
[BlackFideId "2803860"]
[EventDate "2025.06.03"]

1. e4 Nc6 2. d4 e5 3. d5 Nce7 4. Nf3 Ng6 5. Nc3 Bc5 6. Be2 Nf6 7. O-O d6 8. Na4
Nxe4 9. Bd3 Nxf2 10. Rxf2 Bxf2+ 11. Kxf2 O-O 12. Bxg6 hxg6 13. Nc3 f6 14. Nh4
Qe8 15. Qd3 g5 16. Ng6 e4 17. Qxe4 Qxe4 18. Nxe4 Re8 19. Ng3 Kf7 20. Nf4 gxf4
21. Bxf4 g5 22. Bd2 Bd7 23. Bc3 Kg6 24. Rh1 Bf5 25. h4 gxh4 26. Rxh4 Rh8 27. Rf4
Raf8 28. Nxf5 Kg5 29. Kf3 Rh1 30. Ne3 1-0

[Event "Titled Tue 3rd Jun Early"]
[Site "chess.com INT"]
[Date "2025.06.03"]
[Round "1"]
[White "Kislinsky, Alexey"]
[Black "Brenke, Andreas"]
[Result "1-0"]
[WhiteTitle "GM"]
[BlackTitle "FM"]
[WhiteElo "2350"]
[BlackElo "2349"]
[WhiteFideId "14108801"]
[BlackFideId "4602900"]
[EventDate "2025.06.03"]

1. d4 d5 2. c4 c6 3. e3 Nf6 4. Bd3 e5 5. cxd5 exd4 6. exd4 Nxd5 7. Nf3 Bb4+ 8.
Nbd2 Qe7+ 9. Kf1 O-O 10. a3 Bd6 11. Ne4 Bc7 12. Bg5 f6 13. Bh4 h6 14. Bg3 f5 15.
Nc3 f4 16. Nxd5 cxd5 17. Bh4 g5 18. Qb3 gxh4 19. Qxd5+ Qe6 20. Qh5 Qf6 21. Rc1
Qf7 22. Qxh6 Nc6 23. Ng5 Qg7 24. Bc4+ 1-0

[Event "Titled Tue 3rd Jun Early"]
[Site "chess.com INT"]
[Date "2025.06.03"]
[Round "1"]
[White "Harriott, Tyrell"]
[Black "Heimann, Alexander"]
[Result "0-1"]
[WhiteElo "1924"]
[BlackElo "2238"]
[WhiteFideId "2086484"]
[BlackFideId "2006073"]
[EventDate "2025.06.03"]

1. d4 Nf6 2. e3 e6 3. Bd3 b6 4. f4 Bb7 5. Nf3 c5 6. O-O d6 7. Nbd2 Be7 8. c3 Nc6
9. a3 O-O 10. e4 cxd4 11. cxd4 Rc8 12. Qe2 Re8 13. b4 Bf8 14. Bb2 g6 15. Rad1
Bg7 16. Kh1 e5 17. d5 Nd4 18. Nxd4 exd4 19. Qf3 Nxd5 20. exd5 Re3 21. Qf2 Rxd3
22. Nf3 Rxd1 23. Rxd1 Bxd5 24. Nxd4 Be4 25. f5 Qg5 26. h3 Bxd4 27. Rxd4 Bxg2+
28. Qxg2 Qxg2+ 29. Kxg2 Rc2+ 30. Kf3 Rxb2 31. f6 Rb3+ 32. Kg4 h5+ 33. Kg5 Kh7
34. Rxd6 Rf3 35. Rd7 Rf5+ 36. Kh4 Rxf6 37. Rxa7 Rf3 38. Kg5 Kg7 39. a4 Rxh3 40.
a5 bxa5 41. bxa5 Ra3 42. Kf4 Ra4+ 43. Kg3 g5 44. Kh3 Kg6 45. Kg3 h4+ 46. Kf3 f5
47. Kg2 Kh5 48. Kf2 Kg4 49. a6 h3 50. Ra8 Ra2+ 51. Ke3 h2 52. a7 h1=Q 53. Rg8
Qe4# 0-1

[Event "Titled Tue 3rd Jun Early"]
[Site "chess.com INT"]
[Date "2025.06.03"]
[Round "1"]
[White "Sarveshwaran V"]
[Black "Sychev, Klementy"]
[Result "0-1"]
[WhiteTitle "CM"]
[BlackTitle "GM"]
[WhiteElo "2290"]
[BlackElo "2542"]
[WhiteFideId "25699016"]
[BlackFideId "4114060"]
[EventDate "2025.06.03"]

1. e4 e5 2. Nf3 Nc6 3. Bb5 a6 4. Ba4 Nge7 5. c4 Ng6 6. d4 exd4 7. Nxd4 Bc5 8.
Nf5 O-O 9. O-O d6 10. Be3 Bxf5 11. exf5 Nge5 12. Nd2 Bxe3 13. fxe3 Qh4 14. Rf4
Qh6 15. f6 g5 16. Rf5 g4 17. Qe1 Kh8 18. Qg3 Rg8 19. Raf1 Rae8 20. Kh1 Nd3 21.
Qf2 Nxf2+ 0-1

[Event "Titled Tue 3rd Jun Early"]
[Site "chess.com INT"]
[Date "2025.06.03"]
[Round "1"]
[White "Kilic, Eray"]
[Black "Purtseladze, Maka"]
[Result "1-0"]
[WhiteTitle "IM"]
[BlackTitle "IM"]
[WhiteElo "2469"]
[BlackElo "2261"]
[WhiteFideId "44517173"]
[BlackFideId "13602659"]
[EventDate "2025.06.03"]

1. e4 c6 2. Nc3 d5 3. Nf3 Nf6 4. e5 Ne4 5. Ne2 e6 6. d4 c5 7. c3 Nc6 8. Ng3 Qb6
9. Bd3 cxd4 10. Nxe4 dxe4 11. Bxe4 dxc3 12. bxc3 Be7 13. Qc2 h6 14. O-O O-O 15.
Qe2 Rd8 16. Bc2 Bf8 17. Qe4 g6 18. Qh4 h5 19. Bg5 Bd7 20. Rad1 Be8 21. Bxd8 Rxd8
22. Rxd8 Qxd8 23. Qxd8 Nxd8 24. Rd1 Be7 25. Nd4 a6 26. Be4 b5 27. g3 Kf8 28. Kg2
a5 29. f4 b4 30. cxb4 Bxb4 31. Nc2 Be7 32. Kf3 Nc6 33. a3 Na7 34. Rb1 Nb5 35.
Rb3 a4 36. Rd3 Bc5 37. Rd8 Be7 38. Rxe8+ Kxe8 39. Bc6+ Kd8 40. Bxb5 1-0

[Event "Titled Tue 3rd Jun Early"]
[Site "chess.com INT"]
[Date "2025.06.03"]
[Round "1"]
[White "Logachiov, Aleksandr"]
[Black "Olhovik, Andrei"]
[Result "0-1"]
[WhiteTitle "CM"]
[BlackTitle "FM"]
[WhiteElo "2129"]
[BlackElo "2282"]
[WhiteFideId "24123706"]
[BlackFideId "13507397"]
[EventDate "2025.06.03"]

1. d4 d5 2. c4 e6 3. Nc3 c5 4. cxd5 exd5 5. Nf3 Nc6 6. e3 c4 7. Be2 Bb4 8. O-O
Nge7 9. Bd2 O-O 10. b3 cxb3 11. Qxb3 Bf5 12. Nb5 Bxd2 13. Nxd2 a6 14. Nc3 b5 15.
Bf3 Na5 16. Qa3 Nc4 17. Nxc4 bxc4 18. Qc5 Rc8 19. Qa7 Rc6 20. h3 Re8 21. Qb7 Rb6
22. Qa7 Nc6 23. Qxb6 Qxb6 24. Nxd5 Qa5 25. Rac1 Bd3 26. Rfd1 Nb4 27. Nf4 Qxa2
28. Ra1 Qb2 0-1

[Event "Titled Tue 3rd Jun Early"]
[Site "chess.com INT"]
[Date "2025.06.03"]
[Round "1"]
[White "Gong, Qianyun"]
[Black "Chelly, Yahya"]
[Result "1-0"]
[WhiteTitle "WGM"]
[BlackTitle "CM"]
[WhiteElo "2265"]
[BlackElo "2039"]
[WhiteFideId "8602425"]
[BlackFideId "5516200"]
[EventDate "2025.06.03"]

1. d4 d5 2. c4 e6 3. Nf3 Nf6 4. g3 dxc4 5. Bg2 Bb4+ 6. Nbd2 O-O 7. O-O b5 8. a4
c6 9. Ne5 Qb6 10. axb5 Qxd4 11. Ndxc4 Qxd1 12. Rxd1 Nd5 13. Nxc6 Nxc6 14. bxc6
a5 15. e4 Ne7 16. Bf4 Ba6 17. Nb6 Ra7 18. c7 f6 19. Rd8 e5 20. Nd7 Nc8 21. Nxf8
Bxf8 22. Be3 Rxc7 23. Bf1 Bb7 24. Rxa5 Bxe4 25. Bc5 Ne7 26. Bc4+ Bd5 27. Bxd5+
Nxd5 28. Rxf8# 1-0

[Event "Titled Tue 3rd Jun Early"]
[Site "chess.com INT"]
[Date "2025.06.03"]
[Round "1"]
[White "Xiong, Jeffery"]
[Black "Tomb, Maroun"]
[Result "1-0"]
[WhiteTitle "GM"]
[BlackTitle "CM"]
[WhiteElo "2636"]
[BlackElo "2090"]
[WhiteFideId "2047640"]
[BlackFideId "5300398"]
[EventDate "2025.06.03"]

1. e4 d6 2. d4 Nf6 3. Nc3 e5 4. Nf3 Nbd7 5. Bc4 Be7 6. a4 c6 7. O-O h6 8. Re1
Qc7 9. a5 Nf8 10. d5 Ng6 11. Bb3 O-O 12. a6 Bd7 13. axb7 Qxb7 14. Nd2 cxd5 15.
Nxd5 Bc6 16. Nc4 Bxd5 17. Na5 Qc7 18. exd5 Nd7 19. Nc6 Nc5 20. Bc4 a5 21. Be3
Bg5 22. Bxc5 dxc5 23. g3 Qd6 24. Rxa5 Rxa5 25. Nxa5 f5 26. Nb7 Qb6 27. d6+ Kh7
28. Qd5 e4 29. Nxc5 Rd8 30. Qxf5 Rxd6 31. Nxe4 Rc6 32. Nxg5+ hxg5 33. Qh3+ Nh4
34. Bd3+ g6 35. gxh4 1-0

[Event "Titled Tue 3rd Jun Early"]
[Site "chess.com INT"]
[Date "2025.06.03"]
[Round "1"]
[White "Viana, Dirceu"]
[Black "Prabhu, Naveen"]
[Result "0-1"]
[WhiteTitle "FM"]
[WhiteElo "2188"]
[BlackElo "2196"]
[WhiteFideId "2101360"]
[BlackFideId "30939372"]
[EventDate "2025.06.03"]

1. e4 Nc6 2. Nc3 Nf6 3. Nf3 e6 4. d4 d5 5. e5 Ne4 6. Ne2 f6 7. Ng3 fxe5 8. Nxe5
Nxe5 9. dxe5 Nxf2 10. Kxf2 Bc5+ 11. Ke1 O-O 12. Qd3 Qh4 13. Kd1 Bd7 14. Be3 d4
15. Bd2 Bc6 16. Qc4 Bb6 17. Qxe6+ Kh8 18. b4 Rae8 19. Qc4 Rxe5 20. Kc1 h6 21. a4
a5 22. bxa5 Bxa5 23. Bxa5 Rxa5 24. Qb4 Qf4+ 25. Kb1 Rfa8 26. Ra3 Rxa4 27. Rxa4
Rxa4 28. Qe7 Ra1+ 29. Kxa1 Qc1+ 30. Ka2 Bd5+ 31. c4 dxc3+ 0-1